1089 1500 1583 1693 1312 1725 1826 1579 1832 1304 1074 1724 1206 1195 1337 1390 1794 1413 1256 1951 1907 1228 1306 1901 1684 1179 1985 1871 1017 1582 1637 1782 1861 1808 1300 1686 1433 1939 1721 1877 1043 1163 1959 1219 1099 1332 1773 1168 1308 1751 1734 1815 1349 1907 1593 1475 1840 1666 1673 1776 1686 1509 1220 1091 1653 1136 1277 1554 1705 1698 1244 1935 1812 1883 1485 1256 1765 1629 1442 1514 1562 1482 1602 1467 1496 1604 1338 1824 1138 1634 1363 1794 1656 1113 1142 1193 1277 1545 1711 BCNSPRNW ULIB Ver.6.0+V

เปลี่ยนเป็นภาษาไทย

Change to English
 แสดงรายละเอียดบรรณานุกรม
  กลับหน้าหลัก

Brief Record : Get Marc (ISO 2709) : E-mail record : QR code < ปิดหน้าต่าง
LEADER : 00000nam 2200000uu 4500
001    13399113568
003     ULIB
008    111128s2550||||th 000 0 tha d
020    ^a9789744347954
090    ^aนว.^bท339ร 2550
100 0  ^aทักษิณา
245 00 ^aรักละมุน...อุ่นดวงใจ/^cทักษิณา
250    ^aพิมพ์ครั้งที่ 1
260    ^aกรุงเทพฯ :^bฟิสิกส์เซ็นเตอร์,^c2550
300    ^a257 หน้า
710 1  ^aฟิสิกส์เซ็นเตอรื
945    ^p165^l0^i14004
995    ^aกัณชพร
999    ^aใช้งานได้ทุกระบบ
รายการนี้ยังไม่มีแท็ก
คุณยังไม่ได้ล็อกอิน คุณสามารถมีกิจกรรมร่วมกับเว็บไซต์ได้ แต่ต้องล็อกอินก่อน ::
  ล็อกอิน

รายการสื่อสารสนเทศ

ลำดับที่ ประเภท เลขเรียก/บาร์โค้ด สถานที่ สถานะ
1. วิทยาศาสตร์การแพทย์ และสุขภาพ
วิทยาศาสตร์การแพทย์ และสุขภาพ
นว. ท339ร 2550  
  Barcode: 14004
ห้องสมุดวิทยาเขตสวรรค์ประชารักษ์
►นวนิยาย
บนชั้น
  ขอยืม

รายการใกล้เคียง
    ผู้แต่ง [ทักษิณา]

BibComment


ยังไม่เคยถูกคอมเมนท์

คอมเมนท์ทรัพยากรรายการนี้
  คอมเมนท์: รักละมุนอุ่นดวงใ..


 Copyright 2026. Bcnsprnw @Library